Tableau des médailles des Jeux des petits États d'Europe - Statistiques

Statistiques générales
  • Ce quiz a été pris 19 fois
  • Le résultat moyen est 7 sur 9
Statistiques - réponses
Or Argent Bronze Pays % Correct
3 6 6 Liechtenstein
100%
10 2 8 Andorre
94%
18 18 20 Luxembourg
94%
11 12 11 Monaco
94%
5 7 7 Saint-Marin
94%
9 14 13 Malte
72%
22 23 32 Chypre
61%
21 15 18 Islande
44%
9 10 5 Monténégro
44%
Aucun quiz correspondant
Distribution des résultats
% des personnes avec chaque résultat
Percentile par nombre de réponses
Votre historique - résultats
Vous n’avez pas pris ce quiz